| 000 | 00778nam a22002177a 4500 | ||
|---|---|---|---|
| 008 | 081217t xxu||||| |||| 00| 0 eng d | ||
| 010 | _aENG-92231 | ||
| 020 |
_c80.00 _a8177356836 |
||
| 020 |
_c80.00 _a9788177356830 |
||
| 035 | _aEN-75764 | ||
| 037 | _bDBAD / PUB | ||
| 040 |
_adpl _bEnglish |
||
| 082 | _a954.31 | ||
| 100 | _aIlangovan | ||
| 245 |
_aThe status of the peasants in sangam age / _cby Ilangovan |
||
| 260 |
_bPavai Publications _c2008 _aChennai |
||
| 300 |
_a76p. _c21cm (pbk) |
||
| 500 | _aIncludes bibliographical referencs | ||
| 942 |
_2ddc _cEN _mILA _h954.31 |
||
| 999 |
_c20050 _d20050 |
||